[Event "Sachsen-ch U16 Girls"]
[Site "Sebnitz"]
[Date "2013.04.03"]
[Round "3"]
[White "Nitzsche, Pia"]
[Black "Gaul, Lisa Marie"]
[Result "1-0"]
[WhiteElo "1594"]
[BlackElo "1243"]
[PlyCount "93"]
[EventDate "2013.04.02"]
[EventType "swiss"]
[EventRounds "7"]
[EventCountry "GER"]
[SourceTitle "EXT 2014"]
[Source "ChessBase"]
[SourceDate "2013.11.20"]
[SourceVersion "1"]
[SourceVersionDate "2013.11.20"]
[SourceQuality "1"]

1. c4 e5 2. Nc3 Nf6 3. d3 Bc5 4. Nf3 Nc6 5. g3 d6 6. Bg2 h6 7. 0-0 0-0 8. a3 a5 9. Rb1 Be6 10. Bd2 Rb8 11. Na4 Ba7 12. b4 axb4 13. axb4 b5 14. cxb5 Rxb5 15. Qc1 Qd7 16. Qc2 Nd5 17. Rfc1 Rxb4 18. Bxb4 Ncxb4 19. Qd2 Rb8 20. Nc3 Bc5 21. Ne1 Rb6 22. Ne4 Qe7 23. Nxc5 dxc5 24. Nc2 Qd6 25. Na3 Nf6 26. Nc4 Bxc4 27. Rxc4 Nbd5 28. Rcc1 Rb4 29. Qc2 Rxb1 30. Rxb1 Nd7 31. Bh3 N5f6 32. Ra1 Qc6 33. Bg2 Nd5 34. Qc4 N7b6 35. Ra6 Qb7 36. Rxb6 Nxb6 37. Bxb7 Nxc4 38. dxc4 Kf8 39. Kg2 Ke7 40. Bd5 f5 41. Kf3 Kf6 42. e4 g6 43. h4 h5 44. Bc6 Ke7 45. Ke3 Kf6 46. Be8 Kg7 47. exf5 1-0

[Event "Sachsen-ch U16 Girls"]
[Site "Sebnitz"]
[Date "2012.04.11"]
[Round "2"]
[White "Gaul, Lisa Marie"]
[Black "Hartewig, Anja"]
[Result "0-1"]
[WhiteElo "1107"]
[BlackElo "1531"]
[PlyCount "54"]
[EventDate "2012.04.10"]
[EventType "swiss"]
[EventRounds "6"]
[EventCountry "GER"]
[SourceTitle "CBM 148 Extra"]
[Source "ChessBase"]
[SourceDate "2012.06.22"]
[SourceVersion "1"]
[SourceVersionDate "2012.06.22"]
[SourceQuality "1"]

1. e4 d6 2. d4 Nf6 3. Nc3 g6 4. Be3 Bg7 5. Nf3 c6 6. Be2 b5 7. a3 0-0 8. Qd2 Nbd7 9. Rb1 Bb7 10. 0-0 a6 11. b3 c5 12. d5 b4 13. axb4 cxb4 14. Na2 Nxe4 15. Qxb4 Bxd5 16. Rbd1 Bc6 17. Nd4 Bxd4 18. Qxd4 e5 19. Qd3 Ndc5 20. Bxc5 dxc5 21. Qxd8 Rfxd8 22. Rxd8+ Rxd8 23. Bxa6 Ra8 24. Nc1 Rxa6 25. Ne2 Ra2 26. c4 Rxe2 27. f3 Nd2 0-1

[Event "Sachsen-ch U16 Girls"]
[Site "Sebnitz"]
[Date "2012.04.11"]
[Round "3"]
[White "Schille, Anika"]
[Black "Gaul, Lisa Marie"]
[Result "1/2-1/2"]
[WhiteElo "1127"]
[BlackElo "1107"]
[PlyCount "77"]
[EventDate "2012.04.10"]
[EventType "swiss"]
[EventRounds "6"]
[EventCountry "GER"]
[SourceTitle "CBM 148 Extra"]
[Source "ChessBase"]
[SourceDate "2012.06.22"]
[SourceVersion "1"]
[SourceVersionDate "2012.06.22"]
[SourceQuality "1"]

1. d4 d5 2. c4 e6 3. Nc3 Nf6 4. Bg5 Be7 5. Nf3 Nbd7 6. e3 b6 7. Bd3 c5 8. 0-0 Bb7 9. Ne5 Nxe5 10. dxe5 Ne4 11. Bxe7 Qxe7 12. Qa4+ Qd7 13. Qxd7+ Kxd7 14. Rad1 Nxc3 15. bxc3 Ke7 16. Rfe1 g6 17. cxd5 Bxd5 18. a3 Rhd8 19. c4 Bc6 20. Bc2 Rxd1 21. Rxd1 Rd8 22. Rxd8 Kxd8 23. a4 a6 24. Kf1 b5 25. cxb5 axb5 26. axb5 Bxb5+ 27. Ke1 Ke7 28. Kd2 f6 29. exf6+ Kxf6 30. f4 h6 31. h4 g5 32. hxg5+ hxg5 33. g3 gxf4 34. gxf4 Bd7 35. Kd3 e5 36. Kc4 exf4 37. exf4 Bf5 38. Bd1 Be6+ 39. Kxc5 1/2-1/2

[Event "Sachsen-ch U14 Girls"]
[Site "Sebnitz"]
[Date "2011.04.26"]
[Round "1"]
[White "Moses, Selina"]
[Black "Gaul, Lisa Marie"]
[Result "1-0"]
[WhiteElo "1561"]
[BlackElo "1180"]
[PlyCount "49"]
[EventDate "2011.04.26"]
[EventType "swiss"]
[EventRounds "7"]
[EventCountry "GER"]
[SourceTitle "EXT 2012"]
[Source "ChessBase"]
[SourceDate "2011.11.24"]
[SourceVersion "1"]
[SourceVersionDate "2011.11.24"]
[SourceQuality "1"]

1. e4 e5 2. Nf3 Nc6 3. Bc4 Bc5 4. c3 d6 5. d4 exd4 6. cxd4 Bb6 7. 0-0 Nge7 8. Nc3 0-0 9. Be3 Kh8 10. Ng5 Kg8 11. Qh5 h6 12. Nxf7 Rxf7 13. Bxf7+ Kf8 14. Bc4 Qe8 15. Qf3+ Nf5 16. exf5 Ne7 17. f6 Nf5 18. Qd5 gxf6 19. Qg8+ Ke7 20. Qh7+ Kd8 21. Bxh6 Bxd4 22. Rae1 Be5 23. Bf7 Qxf7 24. Qxf7 Nxh6 25. Qf8+ 1-0

[Event "Sachsen-ch U12 Girls"]
[Site "Sebnitz"]
[Date "2009.04.15"]
[Round "2"]
[White "Gaul, Lisa Marie"]
[Black "Fischer, Franziska"]
[Result "0-1"]
[WhiteElo "909"]
[BlackElo "726"]
[PlyCount "74"]
[EventDate "2009.04.14"]
[EventType "swiss"]
[EventRounds "7"]
[EventCountry "GER"]
[SourceTitle "EXT 2010"]
[Source "ChessBase"]
[SourceDate "2010.11.25"]
[SourceVersion "1"]
[SourceVersionDate "2010.11.25"]
[SourceQuality "1"]

1. e4 e5 2. Nf3 d6 3. Nc3 Nf6 4. b3 Be7 5. Bb2 0-0 6. Qe2 Nc6 7. Qe3 Ng4 8. Qd3 Nb4 9. Qc4 Nxc2+ 10. Kd1 Nxa1 11. Bxa1 Be6 12. Qe2 c5 13. Ng5 Bxg5 14. Qf3 Rc8 15. Bd3 Bf4 16. Nd5 Bh6 17. h3 Qg5 18. Bc3 Bxd5 19. exd5 Nf6 20. h4 Qg4 21. Kc2 e4 22. Qxg4 exd3+ 23. Kxd3 Nxg4 24. f3 Nf2+ 25. Ke2 Nxh1 26. d3 Ng3+ 27. Kf2 Bf4 28. h5 Nxh5 29. a3 Ng3 30. b4 Rc7 31. bxc5 Rxc5 32. Bd4 Rc2+ 33. Kg1 Re8 34. a4 Ne2+ 35. Kf2 Nxd4+ 36. Kf1 Bg3 37. Kg1 Re1# 0-1